000 00575nam a2200193Ia 4500
005 20250508163756.0
008 008 250505s9999 xx 000 0 eng d
020 _a81-85229-10-4
037 _aTextual
040 _aFEDL
_beng
_cFEDL
041 _aeng
_2eng
084 _a305.4, SAN
_qFEDL
100 _aSangari Kumkum
245 0 _aPolitics of the possible : Essays on gender, history, narrative, colonial english
260 _aNew Delhi, India
_bTulika Books
_c1999
300 _axlix,503p.
942 _cTEXL
_h305.4, SAN
999 _c1385188
_d1385188